000 01341cam a2200229 i 4500
020 _a9781138749610
082 0 0 _a621.3813
100 1 _aBasu, Ananjan.
245 1 3 _aAn introduction to microwave measurements
_cAnanjan Basu.
260 _aBoca Raton
_bCRC Press
_c2015.
300 _axv, 303 pages :
_billustrations ;
_c24 cm
650 0 _aMicrowave measurements.
_989672
650 0 _aRadio measurements.
_989673
650 7 _aTECHNOLOGY & ENGINEERING / Electronics / Circuits / General.
_989674
650 7 _aTECHNOLOGY & ENGINEERING / Microwaves.
_989675
650 7 _aTECHNOLOGY & ENGINEERING / Mobile & Wireless Communications.
_989676
942 _2ddc
_cBK
999 _c588292
_d588292